00595 2200229 4500001002100000005001500021035002000036007000300056008004100059020001800100082001200118084001800130100001400148245004500162250001000207260003600217300003900253650002000292504003000312990001100342990001200353INLIS00000000000671620210301025457 a0010-0321000086ta210301 g 0 ind  a9789794085417 a341.762 a341.762 MUK p0 aMUKHTASOR1 aPencemaran Pesisir dan Laut /cMukhtasor acet.2 aJakarta :bBalai Pustaka,c2016 axxiii, 308 hal. :bilus. ;c23 cm. 4aPENCEMARAN LAUT aBibliografi : hal.303-308 a7936 a a11902 a